[Event "PRO League Group Stage"]
[Site "chess.com INT"]
[Date "2019.02.20"]
[Round "7"]
[White "Karavade, Eesha"]
[Black "Zierk, Steven"]
[Result "1/2-1/2"]
[WhiteTitle "IM"]
[BlackTitle "GM"]
[WhiteElo "2365"]
[BlackElo "2510"]
[WhiteTeam "Mumbai Movers"]
[BlackTeam "San Francisco Mechanics"]
[WhiteFideId "5012600"]
[BlackFideId "2034255"]
[EventDate "2019.01.08"]

1. e4 e6 2. d4 d5 3. Bd3 dxe4 4. Bxe4 c5 5. Ne2 Nf6 6. Bf3 Nc6 7. Be3 cxd4 8.
Nxd4 Ne5 9. Nc3 Bb4 10. Nb5 Bd7 11. a3 Bxc3+ 12. Nxc3 Bc6 13. Bxc6+ Nxc6 14. O-O
O-O 15. Bg5 h6 16. Bh4 Qd4 17. Bg3 Qc4 18. Qe2 Qxe2 19. Nxe2 Rac8 20. Rac1 Ne7
21. Rfd1 Rfd8 22. Rxd8+ Rxd8 23. f3 Nf5 24. Bf2 a6 25. Kf1 Nd5 26. b3 Kf8 27.
Ke1 Ke8 28. g4 Nfe7 29. c4 Nf6 30. Rd1 Nc6 31. Bg3 Nd7 32. Bc7 Rc8 33. Bd6 Nde5
34. Kf2 Rd8 35. c5 Nd7 36. b4 Na7 37. Bf4 Nc6 38. Nc3 Nde5 39. Rxd8+ Kxd8 40.
Bxe5 Nxe5 41. Ke2 Kd7 42. h3 Kc6 43. f4 Nc4 44. Nb1 f5 45. gxf5 exf5 46. Kd3 b5
47. cxb6 Nxb6 48. Nc3 g5 49. fxg5 hxg5 50. Kd4 Kd6 51. a4 Nd7 52. a5 Kc6 53. Nd5
Kb5 54. Nc7+ Kxb4 55. Nxa6+ Kxa5 56. Nc7 Kb4 57. Ne6 g4 58. hxg4 fxg4 59. Ke4
Kc3 60. Kf4 Nf6 61. Ng7 Kd3 62. Nf5 Ke2 63. Nh6 Kf2 64. Nxg4+ Nxg4 1/2-1/2

[Event "PRO League Group Stage"]
[Site "chess.com INT"]
[Date "2019.02.20"]
[Round "7"]
[White "Hong, Andrew"]
[Black "Kulkarni, Rakesh"]
[Result "1-0"]
[WhiteTitle "FM"]
[BlackTitle "IM"]
[WhiteElo "2390"]
[BlackElo "2298"]
[WhiteTeam "San Francisco Mechanics"]
[BlackTeam "Mumbai Movers"]
[WhiteFideId "2099438"]
[BlackFideId "5037077"]
[EventDate "2019.01.08"]

1. e4 c5 2. Nf3 e6 3. d4 cxd4 4. Nxd4 a6 5. c4 Nf6 6. Nc3 Qc7 7. a3 Be7 8. Be3
O-O 9. Be2 b6 10. O-O Bb7 11. f3 d6 12. Rc1 Nbd7 13. Qd2 Rac8 14. b4 Qb8 15. Kh1
Rfe8 16. Rc2 Bf8 17. Rb1 Qa8 18. Na4 Qb8 19. Qc1 d5 20. exd5 exd5 21. c5 bxc5
22. bxc5 Nxc5 23. Nxc5 Rxc5 24. Rxc5 Bxc5 25. Qxc5 Rxe3 26. Bxa6 Qe5 27. Bf1 Ba6
28. Nc2 Rc3 29. Qd4 Qxd4 30. Nxd4 Bxf1 31. Rb8+ 1-0

[Event "PRO League Group Stage"]
[Site "chess.com INT"]
[Date "2019.02.20"]
[Round "7"]
[White "Shevchenko, Kirill"]
[Black "Petrosian, Tigran L."]
[Result "1/2-1/2"]
[WhiteTitle "GM"]
[BlackTitle "GM"]
[WhiteElo "2539"]
[BlackElo "2598"]
[WhiteTeam "Australia Kangaroos"]
[BlackTeam "Seattle Sluggers"]
[WhiteFideId "14129574"]
[BlackFideId "13301616"]
[EventDate "2019.01.08"]

1. e4 g6 2. d4 Bg7 3. Nc3 a6 4. Nf3 b5 5. Bd3 d6 6. O-O Nd7 7. Ne2 e5 8. c3 Bb7
9. a4 c6 10. Ng3 Ngf6 11. b3 O-O 12. Bb2 Re8 13. Re1 Qc7 14. Qd2 Nb6 15. axb5
axb5 16. Rxa8 Bxa8 17. c4 bxc4 18. dxe5 dxe5 19. Bxc4 Nxc4 20. bxc4 c5 21. Nxe5
Rxe5 22. Bxe5 Qxe5 23. Qd8+ Qe8 24. Qxe8+ Nxe8 25. Rb1 Be5 26. Rb5 Bd6 27. e5
Be7 28. Rb8 Bc6 29. Ne4 Bxe4 30. Rxe8+ Bf8 31. Rd8 Bc2 32. f4 Bb3 33. g4 Bxc4
34. f5 gxf5 35. gxf5 Kg7 36. Kf2 Bb3 37. Ke3 c4 38. f6+ Kg8 39. Kd4 h5 40. h4
Ba2 41. Kc3 Bb3 42. Ra8 Bd1 43. Kxc4 Bf3 44. Rb8 Bg4 45. Kd4 Bf5 46. Ke3 Be6 47.
Kf4 Bh3 48. Kg5 Bg4 49. Re8 Bf3 50. Rd8 Bg4 51. Kf4 Be6 52. Ke4 Bg4 53. Kf4 Be6
54. Rb8 Bg4 55. Ke4 Be6 56. Kd4 Bg4 57. Kd5 Be6+ 58. Kc6 Bf5 59. Kd5 Be6+ 60.
Kd4 Bg4 61. Ke3 Be6 62. Kf4 Bh3 63. Kg5 Bg4 64. Ra8 Bf3 65. Rb8 Bg4 66. Rd8 Bf3
67. Rb8 Be2 68. Rd8 Bg4 69. Rb8 Bf3 70. Rc8 Be2 71. Re8 Bg4 72. Rd8 Bf3 73. Rc8
Be2 74. Re8 Bf3 75. Rd8 Bg4 76. Kf4 Be6 77. Kg5 Bg4 78. Rb8 Bf3 79. Rc8 Be2 80.
Rd8 Bg4 1/2-1/2

[Event "PRO League Group Stage"]
[Site "chess.com INT"]
[Date "2019.02.20"]
[Round "7"]
[White "Margvelashvili, Giorgi"]
[Black "Ly, Moulthun"]
[Result "1-0"]
[WhiteTitle "GM"]
[BlackTitle "GM"]
[WhiteElo "2530"]
[BlackElo "2486"]
[WhiteTeam "Seattle Sluggers"]
[BlackTeam "Australia Kangaroos"]
[WhiteFideId "13602926"]
[BlackFideId "3204405"]
[EventDate "2019.01.08"]

1. Nf3 Nf6 2. c4 b6 3. g3 Bb7 4. Bg2 e6 5. O-O Be7 6. b3 O-O 7. Bb2 c5 8. Nc3 d5
9. e3 dxc4 10. bxc4 Nc6 11. Qe2 Qc7 12. Rad1 Rac8 13. Ne1 Rfd8 14. f4 Na5 15. d3
a6 16. a4 Nc6 17. g4 Nb4 18. Bxb7 Qxb7 19. g5 Ne8 20. Rf3 Nd6 21. Rh3 g6 22. Qg4
h5 23. gxh6 Kh7 24. Nf3 Nf5 25. Ne4 Qxe4 26. Ng5+ Bxg5 27. dxe4 Rxd1+ 28. Qxd1
Rd8 29. Qe2 Nd6 30. fxg5 Nxe4 31. Qf1 1-0

[Event "PRO League Group Stage"]
[Site "chess.com INT"]
[Date "2019.02.20"]
[Round "7"]
[White "Song, Raymond"]
[Black "Bashkansky, Naomi"]
[Result "1-0"]
[WhiteTitle "FM"]
[BlackTitle "WIM"]
[WhiteElo "2329"]
[BlackElo "1994"]
[WhiteTeam "Australia Kangaroos"]
[BlackTeam "Seattle Sluggers"]
[WhiteFideId "3203824"]
[BlackFideId "2072289"]
[EventDate "2019.01.08"]

1. e4 e5 2. Nf3 Nc6 3. Bc4 Bc5 4. O-O d6 5. d3 Bg4 6. c3 Qf6 7. Nbd2 Nge7 8. b4
Bb6 9. Bb3 O-O 10. Nc4 Ng6 11. h3 Bxf3 12. Qxf3 Qxf3 13. gxf3 Kh8 14. a4 a5 15.
b5 Nce7 16. Nxb6 cxb6 17. Be3 f5 18. Bxb6 Nf4 19. Be3 fxe4 20. dxe4 Nxh3+ 21.
Kh2 Nf4 22. Rfd1 Rad8 23. Kg1 Rf6 24. Kf1 Nfg6 25. Ke2 h6 26. Rh1 d5 27. Rad1
Rfd6 28. exd5 Nxd5 29. Bxd5 Rxd5 30. Rxd5 Rxd5 31. c4 Rd7 32. Rc1 Nf4+ 33. Bxf4
exf4 34. c5 Kg8 35. c6 bxc6 36. bxc6 Rc7 37. Kd3 Kf7 38. Kd4 Ke7 39. Kc5 Kd8 40.
Kb6 h5 41. Rd1+ Kc8 42. Re1 Kd8 43. Re8+ Kxe8 44. Kxc7 h4 45. Kb7 h3 46. c7 h2
47. c8=Q+ Ke7 48. Qh3 1-0

[Event "PRO League Group Stage"]
[Site "chess.com INT"]
[Date "2019.02.20"]
[Round "7"]
[White "Le, Quang Liem"]
[Black "Ding, Liren"]
[Result "1/2-1/2"]
[WhiteTitle "GM"]
[BlackTitle "GM"]
[WhiteElo "2714"]
[BlackElo "2813"]
[WhiteTeam "Webster Windmills"]
[BlackTeam "Chengdu Pandas"]
[WhiteFideId "12401137"]
[BlackFideId "8603677"]
[EventDate "2019.01.08"]

1. d4 Nf6 2. Nf3 g6 3. c4 Bg7 4. Nc3 d5 5. cxd5 Nxd5 6. e4 Nxc3 7. bxc3 c5 8.
Be3 Qa5 9. Qd2 Nc6 10. Rb1 a6 11. Rc1 cxd4 12. cxd4 Qxd2+ 13. Kxd2 e6 14. h4 O-O
15. e5 h6 16. Bd3 Rd8 17. Rc4 Bd7 18. Be4 Rac8 19. Rhc1 Bf8 20. Ke2 Nb4 21. Rxc8
Rxc8 22. Rxc8 Bxc8 23. Bb1 Bd7 24. Nd2 Bb5+ 25. Kd1 Nd5 26. Ne4 Nxe3+ 27. fxe3
Be7 28. g3 Kf8 29. Kc2 Bb4 30. Nc3 Bc6 31. Kb3 Ba5 32. Be4 Bxe4 33. Nxe4 Ke7 34.
g4 h5 35. gxh5 gxh5 36. Nf6 Be1 37. Nxh5 Bxh4 38. Kc4 Kd7 39. e4 Be7 40. a4 b6
41. Nf4 f6 42. exf6 Bxf6 43. Nd3 Be7 44. Nb4 Bxb4 45. Kxb4 Kd6 46. Kc4 Kc6 47.
Kc3 Kd6 48. Kb4 Kc6 49. Kc4 1/2-1/2

[Event "PRO League Group Stage"]
[Site "chess.com INT"]
[Date "2019.02.20"]
[Round "7"]
[White "Wang, Yue"]
[Black "Robson, Ray"]
[Result "1/2-1/2"]
[WhiteTitle "GM"]
[BlackTitle "GM"]
[WhiteElo "2684"]
[BlackElo "2667"]
[WhiteTeam "Chengdu Pandas"]
[BlackTeam "Webster Windmills"]
[WhiteFideId "8601429"]
[BlackFideId "2023970"]
[EventDate "2019.01.08"]

1. Nf3 Nf6 2. c4 c6 3. d4 d5 4. Qb3 dxc4 5. Qxc4 Bf5 6. g3 e6 7. Bg2 Be7 8. O-O
O-O 9. Rd1 Nbd7 10. e3 Qc7 11. Nc3 Ne4 12. Qe2 Rfd8 13. Ne1 Ndf6 14. Nxe4 Bxe4
15. f3 Bg6 16. e4 c5 17. Be3 Qb6 18. dxc5 Bxc5 19. Bxc5 Qxc5+ 20. Qf2 Nd7 21.
Nd3 Qa5 22. a4 Ne5 23. b4 Nxd3 24. bxa5 Nxf2 25. Kxf2 f6 26. Bh3 Kf7 27. Ke3 Ke7
28. Rxd8 Rxd8 29. Rc1 Be8 30. Rc7+ Rd7 31. Rc8 Rd6 32. Rc7+ Rd7 33. Rc8 Rd6 34.
Rc7+ Rd7 1/2-1/2

[Event "PRO League Group Stage"]
[Site "chess.com INT"]
[Date "2019.02.20"]
[Round "7"]
[White "Boros, Denes"]
[Black "Zhao, Jun"]
[Result "1/2-1/2"]
[WhiteTitle "GM"]
[BlackTitle "GM"]
[WhiteElo "2442"]
[BlackElo "2610"]
[WhiteTeam "Webster Windmills"]
[BlackTeam "Chengdu Pandas"]
[WhiteFideId "722340"]
[BlackFideId "8602522"]
[EventDate "2019.01.08"]

1. g3 g6 2. Bg2 Bg7 3. e4 c5 4. Ne2 Nc6 5. O-O d6 6. Na3 Nf6 7. c3 Bg4 8. h3
Bxe2 9. Qxe2 Nd7 10. d3 O-O 11. Bg5 Rb8 12. Nc2 b5 13. e5 Ncxe5 14. f4 f6 15.
fxe5 fxg5 16. exd6 exd6 17. Rxf8+ Nxf8 18. Bd5+ Kh8 19. Rf1 Nd7 20. Rf7 Nf6 21.
Qe6 a5 22. Ne3 b4 23. Nc4 bxc3 24. bxc3 Nxd5 25. Qxd5 Bxc3 26. Kg2 Bd4 27. Qe6
Qe8 28. Re7 Qc6+ 29. Kh2 Rf8 30. Rf7 Re8 31. Re7 Rf8 32. Rf7 Re8 33. Re7 Rxe7
34. Qxe7 Qf3 35. Qe4 Qf2+ 36. Qg2 Qxg2+ 37. Kxg2 Bc3 38. Nxd6 Kg7 39. Ne4 Bd4
40. Nxg5 h6 41. Ne4 Kf7 42. a4 Ke6 43. Kf3 Kd5 44. Nd2 Bc3 45. Nc4 Be1 46. g4 h5
47. Ne3+ Ke5 48. gxh5 gxh5 49. Ke2 Bb4 50. Nc2 Bc3 51. Ne3 Bb4 52. Nc2 Bc3 53.
Ne3 Bb4 1/2-1/2

[Event "PRO League Group Stage"]
[Site "chess.com INT"]
[Date "2019.02.20"]
[Round "7"]
[White "Li, Yunshan"]
[Black "Polgar-Shutzman, Tom"]
[Result "1-0"]
[WhiteTitle "WFM"]
[WhiteElo "2246"]
[BlackElo "2181"]
[WhiteTeam "Chengdu Pandas"]
[BlackTeam "Webster Windmills"]
[WhiteFideId "8607664"]
[BlackFideId "2064880"]
[EventDate "2019.01.08"]

1. d4 Nf6 2. c4 e6 3. g3 d5 4. Bg2 Be7 5. Nf3 O-O 6. Nc3 dxc4 7. Ne5 Nc6 8. Bxc6
bxc6 9. Nxc6 Qe8 10. Nxe7+ Qxe7 11. Qa4 c5 12. dxc5 Qxc5 13. Be3 Qc7 14. O-O Bd7
15. Qa3 Bc6 16. Qc5 Nd5 17. Bd4 Nb6 18. Qg5 f6 19. Qg4 e5 20. Bxb6 Qxb6 21.
Qxc4+ Kh8 22. b4 Rfc8 23. Qb3 Rab8 24. Rab1 Ba8 25. Nd5 Qb5 26. e4 Rc4 27. Rfc1
Bxd5 28. exd5 Rd4 29. Rc5 Qb6 30. a3 h6 31. Qc2 Qd8 32. Rd1 Rxd1+ 33. Qxd1 Qd7
34. Qc2 Rd8 35. b5 Qb7 36. a4 Qd7 37. a5 Rb8 38. b6 axb6 39. axb6 Kg8 40. Rc7
Qxd5 41. Qg6 Qd1+ 42. Kg2 Qd5+ 43. Kh3 Qe6+ 44. Kh4 1-0

[Event "PRO League Group Stage"]
[Site "chess.com INT"]
[Date "2019.02.20"]
[Round "7"]
[White "Adly, Ahmed"]
[Black "Ding, Liren"]
[Result "1-0"]
[WhiteTitle "GM"]
[BlackTitle "GM"]
[WhiteElo "2611"]
[BlackElo "2813"]
[WhiteTeam "Delhi Dynamite"]
[BlackTeam "Chengdu Pandas"]
[WhiteFideId "10601619"]
[BlackFideId "8603677"]
[EventDate "2019.01.08"]

1. Nf3 d5 2. g3 Bf5 3. Bg2 e6 4. O-O c6 5. c4 dxc4 6. Na3 Bxa3 7. bxa3 Nf6 8.
Bb2 O-O 9. Rc1 b5 10. Ne5 Be4 11. f3 Bg6 12. e4 Nfd7 13. Nxg6 hxg6 14. d3 Nc5
15. dxc4 Nd3 16. Rc2 Na6 17. Ba1 Qb6+ 18. Kh1 Rfd8 19. Qe2 bxc4 20. Rxc4 Qb5 21.
Qc2 c5 22. f4 Rab8 23. h4 Nb2 24. Rc3 Na4 25. Rb3 Qa5 26. f5 Rd2 27. Rxb8+ Nxb8
28. Qb3 1-0

[Event "PRO League Group Stage"]
[Site "chess.com INT"]
[Date "2019.02.20"]
[Round "7"]
[White "Wang, Yue"]
[Black "Kannappan, Priyadharshan"]
[Result "1-0"]
[WhiteTitle "GM"]
[BlackTitle "GM"]
[WhiteElo "2684"]
[BlackElo "2553"]
[WhiteTeam "Chengdu Pandas"]
[BlackTeam "Delhi Dynamite"]
[WhiteFideId "8601429"]
[BlackFideId "5018293"]
[EventDate "2019.01.08"]

1. Nf3 Nf6 2. c4 c5 3. Nc3 Nc6 4. g3 g6 5. Bg2 Bg7 6. d4 cxd4 7. Nxd4 O-O 8. O-O
Qa5 9. Nb3 Qh5 10. e4 d6 11. Qxh5 Nxh5 12. Rd1 Bg4 13. f3 Be6 14. Nd5 Rfc8 15.
g4 Nf6 16. Be3 Nd7 17. Rab1 b6 18. Nd2 Kf8 19. Bf1 f5 20. exf5 gxf5 21. Nf4 Bf7
22. gxf5 Nce5 23. Kf2 Bf6 24. b3 Bh4+ 25. Ke2 a5 26. a4 Nc5 27. Bh3 Bf6 28. Ne6+
Ke8 29. Bd4 Ncd3 30. Bxe5 Nxe5 31. Ne4 Nd7 32. Ke3 Bh8 33. Rg1 Nf6 34. Ng7+ Kd7
35. Nxf6+ exf6 36. Ne6 Rg8 37. f4 Rxg1 38. Rxg1 Rg8 39. Rxg8 Bxg8 40. Ke4 Bf7
41. Bg4 Be8 42. Kd5 h5 43. Bh3 h4 44. Bg4 Ke7 45. Nd4 Bg7 46. Ke4 Bh6 47. Ke3
Bf7 48. Bf3 Be8 49. h3 Bf7 50. Bd5 Bh5 51. Be4 Kd7 52. Bf3 Bf7 53. Bb7 Bh5 54.
Be4 Ke7 55. Bg2 Kd8 56. Bf3 Bf7 57. Nb5 Kd7 58. Nc3 Kd8 59. Ne2 Kd7 60. Nd4 Ke7
61. Nc2 Kd7 62. Ne1 Ke7 63. Ng2 d5 64. Bxd5 Bxd5 65. cxd5 Kd6 66. Kd4 Kd7 67.
Ke4 Kd6 68. Nxh4 Kc5 69. Ng6 Kb4 70. d6 1-0

[Event "PRO League Group Stage"]
[Site "chess.com INT"]
[Date "2019.02.20"]
[Round "7"]
[White "Grover, Sahaj"]
[Black "Zhao, Jun"]
[Result "1-0"]
[WhiteTitle "GM"]
[BlackTitle "GM"]
[WhiteElo "2511"]
[BlackElo "2610"]
[WhiteTeam "Delhi Dynamite"]
[BlackTeam "Chengdu Pandas"]
[WhiteFideId "5021103"]
[BlackFideId "8602522"]
[EventDate "2019.01.08"]

1. e4 c5 2. Nf3 d6 3. d4 cxd4 4. Nxd4 Nf6 5. Nc3 a6 6. Bc4 e6 7. Bb3 Be7 8. g4
h6 9. Be3 Nc6 10. f3 Qc7 11. Qd2 Ne5 12. h4 b5 13. O-O-O Nc4 14. Bxc4 Qxc4 15.
g5 Nh5 16. Kb1 hxg5 17. Bxg5 Bf8 18. Rhe1 g6 19. Nd5 exd5 20. exd5+ Kd7 21. Nc6
Bb7 22. b3 Qc5 23. Be3 Qa3 24. Qc3 Rh7 25. Bb6 Qc5 26. Bxc5 dxc5 27. Ne5+ Kc7
28. Qa5+ 1-0

[Event "PRO League Group Stage"]
[Site "chess.com INT"]
[Date "2019.02.20"]
[Round "7"]
[White "Li, Yunshan"]
[Black "Manu, David Suthandram R"]
[Result "0-1"]
[WhiteTitle "WFM"]
[WhiteElo "2246"]
[BlackElo "2252"]
[WhiteTeam "Chengdu Pandas"]
[BlackTeam "Delhi Dynamite"]
[WhiteFideId "8607664"]
[BlackFideId "35019562"]
[EventDate "2019.01.08"]

1. d4 Nf6 2. c4 e6 3. g3 d5 4. Bg2 c5 5. cxd5 exd5 6. Nf3 Nc6 7. Nc3 Bg4 8. Bg5
Be7 9. dxc5 d4 10. Bxf6 Bxf6 11. Ne4 Be7 12. O-O O-O 13. Qa4 Bf5 14. Nfd2 Kh8
15. Rfd1 Qd7 16. Nb3 Rfd8 17. Nd6 Bxd6 18. cxd6 Qxd6 19. Bxc6 bxc6 20. Rxd4 Qf6
21. Rad1 Re8 22. R1d2 Bh3 23. Rd6 Rxe2 24. Rxe2 Qxd6 25. Qe4 h6 26. Rd2 Qf6 27.
Qe3 Qf5 28. Rd1 a5 29. a4 Rb8 30. Re1 Qd5 0-1

[Event "PRO League Group Stage"]
[Site "chess.com INT"]
[Date "2019.02.20"]
[Round "7"]
[White "Smirnov, Anton"]
[Black "Le, Quang Liem"]
[Result "1/2-1/2"]
[WhiteTitle "GM"]
[BlackTitle "GM"]
[WhiteElo "2569"]
[BlackElo "2714"]
[WhiteTeam "Australia Kangaroos"]
[BlackTeam "Webster Windmills"]
[WhiteFideId "3208923"]
[BlackFideId "12401137"]
[EventDate "2019.01.08"]

1. e4 c6 2. d4 d5 3. exd5 cxd5 4. Bd3 Nc6 5. c3 Nf6 6. h3 g6 7. Nf3 Bf5 8. O-O
Bxd3 9. Qxd3 Bg7 10. Bf4 O-O 11. Nbd2 e6 12. Rfe1 Rc8 13. Ne5 h6 14. Bh2 Ne7 15.
Nf1 Ne4 16. Nd2 Nd6 17. a4 Nef5 18. Re2 a6 19. a5 Re8 20. Ree1 Ne7 21. Bf4 g5
22. Bh2 f6 23. Nef3 Nc6 24. Re2 Nf7 25. Nb3 e5 26. dxe5 fxe5 27. Qd2 e4 28. Nfd4
Qf6 29. Nxc6 bxc6 30. Nc5 Ne5 31. Bxe5 Qxe5 32. Rae1 Re7 33. f3 Qg3 34. Nd3 Rd7
35. Nf2 exf3 36. Nh1 Qb8 37. gxf3 Rf8 38. Qd3 Rdf7 39. Rf1 Qb7 40. Ng3 c5 41.
Nh5 Qc6 42. Nxg7 Kxg7 43. Kg2 Rd8 44. Qe3 d4 45. cxd4 cxd4 46. Qd3 Rd5 47. Re4
Qb5 48. Qxb5 Rxb5 49. Rxd4 Rxb2+ 50. Rf2 Rb5 51. Ra2 Rb3 52. Rf2 Ra3 53. Rd5 Kg6
54. h4 gxh4 55. Rd6+ Rf6 56. Rxf6+ Kxf6 57. Rc2 Rxa5 58. Rc6+ Kg5 59. Kh3 h5 60.
f4+ Kxf4 61. Rf6+ Ke3 62. Kh2 Ra2+ 63. Kh3 Ra1 64. Re6+ Kf4 65. Rf6+ Kg5 66. Rb6
Ra3+ 67. Kh2 Kf5 68. Rc6 Ke5 69. Rb6 Kd5 70. Rf6 a5 71. Rf5+ Kc6 72. Rf6+ Kb7
73. Rf7+ Kb6 74. Rf6+ Kb5 75. Rf5+ Kb4 76. Rf4+ Kc3 77. Rf3+ Kb2 78. Rf2+ Kc1
79. Rf1+ Kd2 80. Rf5 Ra1 81. Rd5+ Ke3 82. Re5+ Kd3 83. Rd5+ Kc3 84. Rf5 a4 85.
Rf4 Ra2+ 86. Kh3 Ra3 87. Kh2 Ra1 88. Rf3+ Kd2 89. Rf4 a3 90. Rf3 Ra2 91. Rf2+
Kc3 92. Rxa2 Kb3 93. Ra1 a2 94. Kh3 Kb2 95. Rxa2+ Kxa2 96. Kxh4 Kb3 97. Kxh5 1/2-1/2

[Event "PRO League Group Stage"]
[Site "chess.com INT"]
[Date "2019.02.20"]
[Round "7"]
[White "Robson, Ray"]
[Black "Shevchenko, Kirill"]
[Result "1-0"]
[WhiteTitle "GM"]
[BlackTitle "GM"]
[WhiteElo "2667"]
[BlackElo "2539"]
[WhiteTeam "Webster Windmills"]
[BlackTeam "Australia Kangaroos"]
[WhiteFideId "2023970"]
[BlackFideId "14129574"]
[EventDate "2019.01.08"]

1. e4 c5 2. Nf3 d6 3. d4 cxd4 4. Nxd4 Nf6 5. Nc3 a6 6. Be3 e5 7. Nb3 Be6 8. f3
h5 9. Qd2 Nbd7 10. Nd5 Bxd5 11. exd5 g6 12. O-O-O Nb6 13. Kb1 Nbxd5 14. Bg5 Be7
15. Bd3 Qc7 16. Rhe1 O-O-O 17. c4 Nb6 18. c5 dxc5 19. Nxc5 Qxc5 20. Rc1 Nc4 21.
Rxc4 Qxc4 22. Bxc4 Rxd2 23. Bxd2 Rh7 24. Rxe5 Bd6 25. Re2 h4 26. Bg5 Nh5 27. Re4
Bxh2 28. Rxh4 Bg3 29. Re4 Bd6 30. Rd4 Kc7 31. Bd5 Ng3 32. Rc4+ Kb8 33. Rh4 Rxh4
34. Bxh4 f5 35. Bf7 f4 36. Bxg6 Nf1 37. Bf2 Kc7 38. Bd3 Ne3 39. g4 Be5 40. Be2
Kd6 41. Be1 Kc5 42. Kc1 b5 43. Bh4 Ng2 44. Be7+ Kd4 45. Kd2 Kd5 46. b3 Ne3 47.
Bb4 Bd4 48. a4 bxa4 49. bxa4 Nc4+ 50. Bxc4+ Kxc4 51. Be7 Kd5 52. Kd3 1-0

[Event "PRO League Group Stage"]
[Site "chess.com INT"]
[Date "2019.02.20"]
[Round "7"]
[White "Ly, Moulthun"]
[Black "Boros, Denes"]
[Result "1-0"]
[WhiteTitle "GM"]
[BlackTitle "GM"]
[WhiteElo "2486"]
[BlackElo "2442"]
[WhiteTeam "Australia Kangaroos"]
[BlackTeam "Webster Windmills"]
[WhiteFideId "3204405"]
[BlackFideId "722340"]
[EventDate "2019.01.08"]

1. d4 e6 2. e4 d5 3. Nd2 Nd7 4. Ngf3 Ne7 5. Bd3 c5 6. c3 cxd4 7. cxd4 dxe4 8.
Nxe4 Nd5 9. O-O Be7 10. Re1 O-O 11. a3 b6 12. Neg5 N5f6 13. Ne5 Bb7 14. Qe2 Bd5
15. Qc2 g6 16. Qe2 Nxe5 17. dxe5 Nd7 18. Nxh7 Re8 19. Qg4 Nf8 20. Nxf8 Bxf8 21.
Bb5 Re7 22. Bg5 Bb7 23. Rad1 Qc8 24. Bxe7 Bxe7 25. Bd7 Qf8 26. Bxe6 fxe6 27.
Qxg6+ Kh8 28. Rd3 Bh4 29. Qh5+ 1-0

[Event "PRO League Group Stage"]
[Site "chess.com INT"]
[Date "2019.02.20"]
[Round "7"]
[White "Polgar-Shutzman, Tom"]
[Black "Song, Raymond"]
[Result "0-1"]
[BlackTitle "FM"]
[WhiteElo "2181"]
[BlackElo "2329"]
[WhiteTeam "Webster Windmills"]
[BlackTeam "Australia Kangaroos"]
[WhiteFideId "2064880"]
[BlackFideId "3203824"]
[EventDate "2019.01.08"]

1. e4 c6 2. Nf3 d5 3. Nc3 Bg4 4. h3 Bxf3 5. Qxf3 e6 6. Be2 Nd7 7. O-O g6 8. d4
Bg7 9. Be3 Ne7 10. exd5 cxd5 11. Rad1 Nf5 12. Bd3 Nxe3 13. fxe3 O-O 14. Ne2 Rc8
15. c3 Qb6 16. Rd2 f5 17. Rc2 Nf6 18. c4 Kh8 19. Rfc1 dxc4 20. Bxc4 Ne4 21. Bd3
Nd6 22. Qg3 Rxc2 23. Rxc2 e5 24. dxe5 Nf7 25. e6 Qxe6 26. Nf4 Qd6 27. Be2 Re8
28. Kf2 Be5 29. Qf3 Ng5 30. Qxb7 Bxf4 31. exf4 Qd4+ 32. Kg3 Qe3+ 33. Kh2 Qxf4+
34. Kh1 Ne4 35. Qb5 Ng3+ 36. Kg1 Qe3+ 37. Kh2 Nxe2 38. Qb3 Qe5+ 39. Kh1 Nd4 0-1

[Event "PRO League Group Stage"]
[Site "chess.com INT"]
[Date "2019.02.20"]
[Round "7"]
[White "Petrosian, Tigran L."]
[Black "Bhat, Vinay"]
[Result "1-0"]
[WhiteTitle "GM"]
[BlackTitle "GM"]
[WhiteElo "2598"]
[BlackElo "2519"]
[WhiteTeam "Seattle Sluggers"]
[BlackTeam "San Francisco Mechanics"]
[WhiteFideId "13301616"]
[BlackFideId "2011352"]
[EventDate "2019.01.08"]

1. Nf3 d5 2. g3 c6 3. Bg2 Bg4 4. h3 Bxf3 5. Bxf3 Nf6 6. O-O e6 7. d3 Nbd7 8. Nd2
Bd6 9. Bg2 O-O 10. e4 a5 11. f4 e5 12. f5 dxe4 13. dxe4 b5 14. Qe2 Qb6+ 15. Kh2
a4 16. a3 Rfd8 17. g4 Nf8 18. g5 N6d7 19. Nf3 b4 20. axb4 Bxb4 21. h4 Bc5 22. h5
Qb5 23. Qe1 Qc4 24. c3 a3 25. b4 Bd6 26. Rf2 c5 27. Bf1 Qb3 28. g6 fxg6 29. hxg6
Nf6 30. gxh7+ Kh8 31. Rg2 cxb4 32. Bd2 a2 33. Ng5 Ra7 34. cxb4 Rc8 35. Be3 Rac7
36. Raxa2 Rc2 37. Raxc2 Rxc2 38. Rxc2 Qxc2+ 39. Qd2 Qc7 40. Be2 N8xh7 41. Qxd6
Qxd6 42. Nf7+ Kg8 43. Nxd6 Kf8 44. Bf3 Ke7 45. Nc4 Nd7 46. b5 Nhf6 47. b6 Kd8
48. Kh3 Kc8 49. Kh4 Kb7 50. Kg5 Kc6 51. Kg6 1-0

[Event "PRO League Group Stage"]
[Site "chess.com INT"]
[Date "2019.02.20"]
[Round "7"]
[White "Zierk, Steven"]
[Black "Margvelashvili, Giorgi"]
[Result "0-1"]
[WhiteTitle "GM"]
[BlackTitle "GM"]
[WhiteElo "2510"]
[BlackElo "2530"]
[WhiteTeam "San Francisco Mechanics"]
[BlackTeam "Seattle Sluggers"]
[WhiteFideId "2034255"]
[BlackFideId "13602926"]
[EventDate "2019.01.08"]

1. e4 c6 2. d4 d5 3. exd5 cxd5 4. Nf3 Nf6 5. Ne5 g6 6. Bb5+ Nbd7 7. O-O Bg7 8.
Re1 O-O 9. Nxd7 Bxd7 10. Bd3 Ne4 11. Bxe4 dxe4 12. c4 Rc8 13. b3 Bg4 14. Qxg4
Qxd4 15. Nc3 Qxc3 16. Ba3 Qa5 17. Bxe7 Bxa1 18. Rxa1 Qe5 0-1

[Event "PRO League Group Stage"]
[Site "chess.com INT"]
[Date "2019.02.20"]
[Round "7"]
[White "Bashkansky, Naomi"]
[Black "Hong, Andrew"]
[Result "0-1"]
[WhiteTitle "WIM"]
[BlackTitle "FM"]
[WhiteElo "1994"]
[BlackElo "2390"]
[WhiteTeam "Seattle Sluggers"]
[BlackTeam "San Francisco Mechanics"]
[WhiteFideId "2072289"]
[BlackFideId "2099438"]
[EventDate "2019.01.08"]

1. d4 d5 2. c4 e6 3. Nc3 c6 4. e3 Nf6 5. Nf3 Nbd7 6. Bd3 dxc4 7. Bxc4 b5 8. Bb3
b4 9. Ne2 Be7 10. O-O O-O 11. Bc2 c5 12. e4 cxd4 13. Nexd4 Bb7 14. Re1 Rc8 15.
e5 Nd5 16. Qd3 g6 17. Bh6 Re8 18. Qb5 Nc5 19. Qe2 Qb6 20. Nb3 Na4 21. Be4 Ba6
22. Qd2 Red8 23. Nfd4 Nc5 24. Bxd5 Rxd5 25. Qe3 Nd3 26. Red1 Nxe5 27. Bg5 Nc4
28. Qe4 Rxg5 29. Nf3 Bb7 30. Qf4 Rf5 31. Qd4 Rd5 32. Qxb6 Nxb6 33. Rdc1 Bf6 34.
Rab1 Rxc1+ 35. Rxc1 Bxb2 36. Rb1 Bc3 37. h3 Nc4 38. Rc1 a5 39. Re1 Bxe1 0-1